000 00646nam a2200193Ia 4500
003 GCL
008 140319s9999 xx 000 0 ara d
040 _aGCL /
_cGCL
082 0 4 _a953.023
_bا ط
100 1 _aاحمد عادل كمال
245 1 0 _aالطريق الى دمشق ( فتح بلاد الشام ) /
_cاحمد عادل كمال
260 _a[S.N] :
_bدار النهضة ،
_c1985
300 _a568 ص
490 _aاستراتيجية الفتوحات الاسلامية
_v0
650 0 4 _aالفتوحات الاسلامية
650 0 4 _aالتاريخ الاسلامى
650 0 4 _aفتح الشام
942 _2ddc
_cBK
999 _c51838
_d51838